000 00464nam a22001457a 4500
003 MACL
005 20180930164040.0
008 180930b xxu||||| |||| 00| 0 eng d
040 _cMACL
100 _aतिवारी , प्रहलाद
_956141
245 _aमहाराणा प्रताप
260 _aदिल्‍ली
_bइन्‍द्रप्रस्‍थ
_c2014
650 _aउपन्‍यास
_972950
942 _2ddc
_cHIN
999 _c58359
_d58359